China today. (Record no. 88864)

MARC details
000 -LEADER
fixed length control field 01682cas a2200469 a 4500
001 - CONTROL NUMBER
control field 11375969
005 - DATE AND TIME OF LATEST TRANSACTION
control field 20140919170038.0
008 - FIXED-LENGTH DATA ELEMENTS--GENERAL INFORMATION
fixed length control field 900206c19909999cc mr p 0 0eng c
010 ## - LIBRARY OF CONGRESS CONTROL NUMBER
LC control number 90656111
016 7# - NATIONAL BIBLIOGRAPHIC AGENCY CONTROL NUMBER
Record control number 100910572
Source DNLM
022 ## - INTERNATIONAL STANDARD SERIAL NUMBER
International Standard Serial Number 1003-0905
030 ## - CODEN DESIGNATION
CODEN CHTOEA
035 ## - SYSTEM CONTROL NUMBER
System control number (OCoLC)ocm21007118
037 ## - SOURCE OF ACQUISITION
Source of stock number/acquisition China Today, 24 Baiwanzhuang Rd., Beijing 10037, China
040 ## - CATALOGING SOURCE
Original cataloging agency OCl
Language of cataloging eng
Transcribing agency OCl
Modifying agency MH
-- DLC
-- OCoLC
-- OUCA
-- NST
-- NSDP
-- InU
-- DNLM
-- GU
-- CU-S
-- OCoLC
042 ## - AUTHENTICATION CODE
Authentication code pcc
043 ## - GEOGRAPHIC AREA CODE
Geographic area code a-cc---
050 00 - LIBRARY OF CONGRESS CALL NUMBER
Classification number DS701
Item number .C643
082 00 - DEWEY DECIMAL CLASSIFICATION NUMBER
Classification number 951.05/9/05
Edition number 20
130 0# - MAIN ENTRY--UNIFORM TITLE
Uniform title China today (Beijing, China : 1990 : English ed.)
245 10 - TITLE STATEMENT
Title China today.
250 ## - EDITION STATEMENT
Edition statement [English ed.].
260 ## - PUBLICATION, DISTRIBUTION, ETC. (IMPRINT)
Place of publication, distribution, etc Beijing :
Name of publisher, distributor, etc China Welfare Institute
300 ## - PHYSICAL DESCRIPTION
Extent v. :
Other physical details ill. ;
Dimensions 26 cm.
310 ## - CURRENT PUBLICATION FREQUENCY
Current publication frequency Monthly
362 0# - DATES OF PUBLICATION AND/OR SEQUENTIAL DESIGNATION
Dates of publication and/or sequential designation Vol. 39, no. 1 (Jan. 1990)-
500 ## - GENERAL NOTE
General note Title from cover.
525 ## - SUPPLEMENT NOTE
Supplement note Has supplements.
580 ## - LINKING ENTRY COMPLEXITY NOTE
Linking entry complexity note Issued also in Arabic, Chinese, French, German, Portuguese, and Spanish editions.
580 ## - LINKING ENTRY COMPLEXITY NOTE
Linking entry complexity note Issued also in a North American ed.
590 ## - LOCAL NOTE (RLIN)
Local note SERBIB/SERLOC merged record
651 #0 - SUBJECT ADDED ENTRY--GEOGRAPHIC NAME
Geographic name China
Form subdivision Periodicals.
710 2# - ADDED ENTRY--CORPORATE NAME
Corporate name or jurisdiction name as entry element Zhongguo fu li hui.
775 1# - OTHER EDITION ENTRY
Title China today (Beijing, China : 1990 : North American ed.)
Record control number (DLC)sn 90014173
-- (OCoLC)20919718
776 08 - ADDITIONAL PHYSICAL FORM ENTRY
Display text Online version:
Title China today (Beijing, China : 1990 : English ed. : Online)
Record control number (OCoLC)53228446
780 00 - PRECEDING ENTRY
Title China reconstructs
International Standard Serial Number 0009-4447
Record control number (DLC) 54043904
-- (OCoLC)1554324
856 ## - ELECTRONIC LOCATION AND ACCESS
Uniform Resource Identifier <a href="www.chinatoday.com.cn">www.chinatoday.com.cn</a>
906 ## - LOCAL DATA ELEMENT F, LDF (RLIN)
a 7
b cbc
c serials
d 2
e ncip
f 19
g n-oclcserc
942 ## - ADDED ENTRY ELEMENTS (KOHA)
Source of classification or shelving scheme Dewey Decimal Classification
Item type Periodicals
Serial record 1
Holdings
Withdrawn status Lost status Source of classification or shelving scheme Damaged status Not for loan Collection code Home library Current library Date acquired Total Checkouts Date last seen Price effective from Koha item type
    Dewey Decimal Classification   Not For Loan Non-fiction D.B.Act.Division D.B.Act.Division 19/09/2014   19/09/2014 19/09/2014 Periodicals

© Delhi Public Library
Hit Counter
free hit counter